Dějepis církve křesťanské

Bibliographic Details
Main Author: Raab, K. (Author)
Format: Book
Language:English
PhysicalDescription:40 s.
Published: Turčiansky Sv. Martin Zvolenský seniorát 1896

MARC

LEADER 00000nam a2200000 a 4500
001 vtls001561393
003 SK-MaSNL
005 20260302073954.0
008 240318 000 0 eng
040 |a SNK  |b slo  |c SNK  |e AACR2 
100 1 |a Raab, K.  |4 aut  |9 739020 
245 1 0 |a Dějepis církve křesťanské 
260 |a Turčiansky Sv. Martin  |b Zvolenský seniorát  |c 1896 
300 |a 40 s. 
999 |c 1163094  |d 1165024 
952 |a SNK  |b SNK  |y VYP  |7 0  |p 17A0466915  |o snkSD 14659 D1  |i snkK 2570/67  |3 rekatalogizácia  |0 0  |1 0  |4 0  |d 2005-04-22  |l 0  |r 2026-02-24 20:39:35  |w 2026-02-24 
952 |a SNK  |b SNK  |y PREZ  |7 0  |p 17A0523444  |o snkSD 14659  |i snk508/58  |3 rekatalogizácia  |0 0  |1 0  |4 0  |d 2006-10-09  |l 0  |r 2025-11-27 00:00:00  |w 2026-02-24